Catálogo

RADAR BASICO (Registro nro. 32569)

Detalles MARC
000 -LEADER
fixed length control field 00398nam a2200145 a 4500
001 - CONTROL NUMBER
control field 32569
005 - DATE AND TIME OF LATEST TRANSACTION
control field 20180714000210.0
008 - FIXED-LENGTH DATA ELEMENTS--GENERAL INFORMATION
fixed length control field 140415s1972 000 0 spa d
041 ## - LANGUAGE CODE
Language code of text/sound track or separate title spa
082 ## - DEWEY DECIMAL CLASSIFICATION NUMBER
Classification number 621.3848
Item number RAD
245 00 - TITLE STATEMENT
Title RADAR BASICO
260 ## - PUBLICATION, DISTRIBUTION, ETC.
Place of publication, distribution, etc. [s.l.] :
Name of publisher, distributor, etc. COMPAÑIA EDITORIAL CONTINENTAL,
Date of publication, distribution, etc. 1972
300 ## - PHYSICAL DESCRIPTION
Extent 194
650 14 - SUBJECT ADDED ENTRY--TOPICAL TERM
Topical term or geographic name entry element RADAR
General subdivision TECNICAS DE IMPULSOS (ELECTRONICA)
Existencias
Withdrawn status Lost status Source of classification or shelving scheme Damaged status Not for loan Collection code Home library Current library Shelving location Date acquired Source of acquisition Inventory number Total Checkouts Full call number Barcode Date last seen Price effective from Koha item type
    Dewey Decimal Classification     General Biblioteca Karol Wojtyla Biblioteca Karol Wojtyla Sala general 03/12/2013 Compra 151000000000000000004498   621.3848 RAD 50751 05/01/2026 03/12/2013 Libro